| 000 | 00371pab a2200145 454500 | ||
|---|---|---|---|
| 008 | 180718b2015 xxu||||| |||| 00| 0 eng d | ||
| 100 | _aCraig, Paul | ||
| 245 | _aJudicial review and anxious scrutiny foundations, evolution and application | ||
| 260 | _c2015 | ||
| 300 | _ap.60-78. | ||
| 362 | _aJan | ||
| 650 | _aJudiciary | ||
| 773 | _aPublic Law | ||
| 909 | _a107639 | ||
| 999 |
_c107634 _d107634 |
||